[Event "Interpolis"]
[Site "Tilburg"]
[Date "1992.10.27"]
[Round "7.2"]
[White "Gelfand, Boris"]
[Black "Adams, Michael"]
[Result "1/2-1/2"]
[WhiteElo "2685"]
[BlackElo "2610"]
[Annotator "Dautov,R"]
[PlyCount "55"]
[EventDate "1992.10.08"]
[EventType "k.o."]
[EventRounds "7"]
[EventCountry "NED"]
[SourceTitle "CBM 032"]
[Source "ChessBase"]
[SourceDate "1993.02.01"]
[SourceVersion "1"]
[SourceVersionDate "1993.02.01"]
[SourceQuality "1"]

1. d4 Nf6 2. c4 e6 3. Nf3 b6 4. a3 Ba6 5. Qc2 Bb7 6. Nc3 c5 7. e4 cxd4 8. Nxd4
Nc6 9. Nxc6 Bxc6 10. Bf4 (10. Be2 Qb8 $1 11. O-O Bc5 $10) 10... Bc5 (10... Nh5
11. Be3 Qb8 12. g3 Be7 13. Bd3 Nf6 14. h3 d6 15. O-O a6 16. Rae1 O-O 17. f4 b5
18. cxb5 axb5 19. Kh2 Rc8 $10 {Cramling,P-Csom,I Ter Apel 1991}) (10... Nh5 11.
Be3 Bc5 12. Bxc5 bxc5 13. g3 O-O 14. Be2 Nf6 15. O-O Qb8 16. Rad1 Rd8 17. f4 d6
18. Bf3 Qb7 19. Qe2 $14 {Ribli,Z-Miles,A BRD 1988}) 11. Be2 O-O 12. Rd1 a5 13.
Bg3 (13. O-O Qe7 (13... Rc8 14. Qd3 Ne8 15. Rd2 f6 16. Nb5 f5 17. e5 Qh4 18.
Qg3 $16 {Gurevich,M-Yudasin,L Tbilisi 1985}) 14. Bf3 (14. e5 $142) 14... e5 15.
Bc1 a4 16. Rfe1 {1/4:1/4 Marjanovic,S-Popovic,P Clichy 1986/87}) 13... Qc8 14.
O-O $2 (14. e5 $1 Ne8 15. Ne4 Qb7 (15... Bxe4 16. Qxe4 f5 17. exf6 Nxf6 18. Qd3
$14) 16. Nxc5 bxc5 17. f3 Qb6 18. O-O $14 f6 $140 19. Bd3 g6 $2 20. Bxg6 hxg6
21. Qxg6+ Kh8 22. exf6 Qxb2 23. f7 Nf6 24. Rfe1 $18) 14... Qb7 15. Bf3 Ne8 16.
Rd3 (16. Nb5 $6 f5 $36) (16. Nd5 $2 d6) 16... d6 17. Rb1 a4 18. e5 dxe5 19.
Bxe5 f6 (19... Bxf3 20. Rxf3 f6 21. Bf4 e5 22. Be3 $10) 20. Bg3 $2 (20. Bxc6
$142 Qxc6 21. Bd4 Bxd4 (21... Nd6 22. Bxc5 bxc5 23. Nxa4 Nxc4 $10) 22. Rxd4 e5
(22... Nd6 23. c5 $10) 23. Rh4 f5 24. c5 $10) 20... e5 21. Nd5 Nc7 22. b4 axb3
23. Rdxb3 Nxd5 $2 (23... Ne6 $1 24. Nxb6 (24. Rxb6 Bxb6 25. Rxb6 Qa7 26. Rxc6
Nd4 $19) 24... Bxf3 (24... Nd4 $2 25. Nxa8) 25. gxf3 (25. Nxa8 Qe4 26. Qxe4
Bxe4 27. Nb6 Bxb1 28. Rxb1 Rb8 $19) 25... Ra6 26. Nd5 (26. Na4 Qc6 27. Nxc5
Qxc5 $17) 26... Qa8 $17) 24. cxd5 Bxd5 25. Qxc5 $10 bxc5 26. Rxb7 Bxb7 27. Bxb7
Rxa3 28. f4 1/2-1/2

[Event "BL2-West 9596"]
[Site "Germany"]
[Date "1996.??.??"]
[Round "?.1"]
[White "Van Wely, Loek"]
[Black "Dautov, Rustem"]
[Result "1/2-1/2"]
[WhiteElo "2570"]
[BlackElo "2615"]
[Annotator "Dautov,R"]
[PlyCount "62"]
[EventDate "1995.10.??"]
[EventType "team-tourn"]
[EventRounds "9"]
[EventCountry "GER"]
[SourceTitle "CBM 050"]
[Source "ChessBase"]
[SourceDate "1996.02.01"]
[SourceVersion "1"]
[SourceVersionDate "1996.02.01"]
[SourceQuality "1"]
[WhiteTeam "Porz II"]
[BlackTeam "St Ingbert"]
[WhiteTeamCountry "GER"]
[BlackTeamCountry "GER"]

1. d4 Nf6 2. c4 e6 3. Nf3 b6 4. a3 Bb7 5. Nc3 d5 6. Bg5 Be7 7. Qa4+ Bc6 8. Qc2
{N} (8. Qb3 dxc4 9. Qxc4 O-O 10. e3 Bb7 11. Rd1 (11. b4 $5 {Aseev}) 11... Nbd7
12. Be2 Qc8 13. O-O c5 14. Qa2 h6 15. Bh4 Nd5 16. Bxe7 Nxe7 17. Rc1 Qb8 $10 {
Tunik,G-Aseev,K/St.Petersburg op (05) ;EXP 43 1994}) 8... dxc4 9. e3 (9. e4 b5
10. Ne5 a6 11. O-O-O O-O $15) 9... b5 10. Ne5 $6 (10. a4 $1 b4 11. Bxf6 $1 (11.
Nb1 O-O (11... Be4 12. Qxc4 Nbd7 13. Nbd2 Bd5 14. Qc2 O-O 15. Bd3 h6 (15... c5
16. e4 Bb7 17. e5 $16) 16. Bxf6 Nxf6 17. e4 Bb7 18. Nb3 $14) 12. Bxc4 Be4 13.
Qe2 c5 14. Nbd2 Bb7 15. dxc5 Nbd7 16. Nb3 Rc8 17. O-O Nxc5 $10) 11... bxc3 (
11... Bxf6 12. Ne4 Bxe4 13. Qxe4 Qd5 14. Qc2 c3 15. bxc3 b3 16. Qb2 Nd7 17. Ra3
Rb8 18. Nd2 $16) (11... gxf6 12. Nb1 Bxf3 13. gxf3 c5 14. dxc5 $14) 12. Bxe7 (
12. Bxg7 $2 cxb2 13. Rb1 Bb4+ 14. Ke2 Rg8 15. Qxh7 Rxg7 16. Qxg7 c3 $36) 12...
cxb2 13. Qxb2 Qxe7 14. Bxc4 (14. Ne5 O-O 15. Nxc6 Nxc6 16. Bxc4 Rab8 17. Qc3
Nb4 18. O-O c5 $10) 14... Nd7 (14... O-O 15. Be2 $14) (14... Bxf3 15. gxf3 O-O
16. Ke2 $14) 15. O-O Bxf3 16. gxf3 O-O (16... Rb8 17. Qc3 $14) 17. Bb5 $14)
10... a6 11. a4 O-O (11... Bb4 $6 12. axb5 axb5 13. Rxa8 Bxa8 14. Bxc4 $1 h6 (
14... Bxc3+ 15. bxc3 bxc4 16. Qa4+ Nbd7 17. Nxd7 $16) (14... O-O 15. Bxb5 Bxg2
16. Rg1 Bb7 17. Bd3 $16) 15. Bh4 g5 16. Bxe6 gxh4 17. Nxf7 Qe7 18. Qg6 $16) 12.
Be2 (12. axb5 axb5 13. Rxa8 Bxa8 14. Nxb5 c5 15. Bxc4 Qa5+ $44) 12... Bxg2 13.
Rg1 Bb7 14. axb5 axb5 15. Rxa8 Bxa8 16. Nxb5 c5 $15 17. Bh6 Ne8 18. dxc5 Bxc5 (
18... Qa5+ $5 19. Nc3 (19. Qc3 Qa1+ (19... Qxb5 $2 20. Nc6 f6 (20... Bf6 $2 21.
Qxf6 Nxf6 22. Ne7+ Kh8 23. Bxg7#) 21. Nxe7+ Kf7 22. Nf5 $1 $16) 20. Bd1 Bf6 21.
Bf4 Nd7 22. Qd4 Qa5+ 23. Nc3 Qxc5 $17) 19... Qxc5 20. Nxc4 Kh8 21. Bf4 Nc6 $15)
(18... Kh8 $5 19. Bh5 Qa5+ 20. Nc3 gxh6 21. Nxf7+ Rxf7 22. Bxf7 Ng7 $17) 19.
Bxc4 (19. Qxc4 Qa5+ 20. Nc3 Bd6 $17) 19... Bb4+ 20. Ke2 (20. Nc3 Qa5 21. Nd3
Qc7 $17) 20... Qh4 21. Bf4 Nd7 $1 (21... Qh5+ 22. f3 Nd7 23. Rg5 Qh3 24. e4 (
24. Nd4 Nxe5 25. Bxe5 Bd6 $17) 24... f6 25. Qb3 $1 (25. Nxd7 $2 fxg5 26. Nxf8
Qg2+ $17) 25... Nc5 26. Qxb4 fxg5 27. Bg3 $44) 22. Nf3 (22. Nxd7 $4 Qh5+ 23.
Kf1 Qh3+ 24. Ke2 Bf3+ 25. Kd3 Qf5+ $19) (22. Ng4 Nef6 23. Nxf6+ Nxf6 $17) 22...
Qh5 23. Nbd4 (23. e4 h6 $1 $17 {/\Nef6}) 23... Be7 {/\e5} (23... h6 $2 24. Qa4
$10) 24. Qa4 Nb6 25. Qb5 Nd5 $138 26. Be5 Bf6 (26... f6 $2 27. Nxe6 $16) 27.
Bxf6 Nexf6 28. Rg5 $138 (28. Bd3 h6 $17 {/\e5-e4}) 28... Qh3 29. Rg3 Qh5 $2 (
29... Qh6 $1 30. Bd3 g6 $15 {/\e5,/\Rc8,Qf8}) 30. Rg5 Qh3 31. Rg3 Qh5 1/2-1/2

[Event "Brno"]
[Site "Brno"]
[Date "1992.??.??"]
[Round "7"]
[White "Dreev, Alexey"]
[Black "Schlosser, Philipp"]
[Result "1-0"]
[WhiteElo "2590"]
[BlackElo "2500"]
[Annotator "Dautov,R"]
[PlyCount "93"]
[EventDate "1992.08.??"]
[EventType "tourn"]
[EventRounds "9"]
[EventCountry "CZE"]
[EventCategory "11"]
[SourceTitle "CBM 031"]
[Source "ChessBase"]
[SourceDate "1992.12.01"]
[SourceVersion "1"]
[SourceVersionDate "1992.12.01"]
[SourceQuality "1"]

1. d4 {Schussler} Nf6 2. c4 e6 3. Nf3 b6 4. Nc3 Bb7 5. a3 d5 (5... g6 {
Schussler} 6. Qc2 Bxf3 $6 7. gxf3 Bg7 8. Bg5 h6 9. Bh4 Nc6 10. O-O-O Ne7 11. d5
{+/-/+/=, Dorfman,J-Romanishin,O, Polanica Zdroj 1992. CBM 31 game 731.}) 6.
cxd5 Nxd5 7. Qc2 Nxc3 8. Qxc3 Nd7 (8... Be7 {Schussler} 9. Bf4 O-O 10. e3 (10.
Qxc7 Qxc7 11. Bxc7 Rc8 {Seirawan,Y-Anand,V, Amsterdam 1992, CBM 30 game 4.} 12.
Bf4 $1 {+/-/+/= intending 12. - Rc2 13.Rc1!.}) 10... Bd6 11. Bg5 Qe8 12. Be2
Nd7 13. O-O e5 $10 {Cebalo,M-Kortschnoj,V, Polanica Zdroj 1992, CBM 31 game
714.}) 9. Bg5 Be7 10. Bxe7 Kxe7 11. e3 (11. g3 Nf6 12. Bg2 Qd6 13. O-O Rhc8 14.
Rfd1 c5 15. Rac1 cxd4 16. Qxd4 Qxd4 17. Nxd4 Rxc1 18. Rxc1 Rc8 $1 $10 {
Magerramov,E-Makarichev,S Pavlodar 1987}) 11... Nf6 12. Ne5 {N} (12. Be2 Qd6
13. Rc1 Rhc8 14. O-O c5 15. dxc5 Rxc5 16. Qb4 a5 17. Qa4 Bc6 18. Qd4 Bxf3 19.
Qxd6+ Kxd6 20. Bxf3 Rac8 $10 {Portisch,L-Ljubojevic,L Rotterdam WCup 1989}) (
12. Rc1 Rc8 13. b4 Qd5 14. Be2 h5 15. O-O h4 $13 {Roeder,M-Tiviakov,S Torcy
1991,53/(493)}) 12... Qd6 13. b4 Rac8 (13... Ne4 $5 14. Qb2 (14. Qc2 c5) 14...
f6 15. Nc4 Qd5 16. Rc1 Rhc8 17. f3 Nd6 18. Be2 a5 $10) 14. Rc1 Nd7 $6 (14...
Ne4 $142 15. Qb2 f6) 15. Nc4 Qd5 16. f3 Qg5 17. Kf2 Rhd8 (17... c5 18. dxc5
bxc5 19. Be2 Ba8 (19... Nb6 20. Na5 Ba8 21. bxc5 $16) 20. Rhd1 cxb4 $2 21.
Qxb4+ Qc5 22. Nd6 Qxb4 23. Nxc8+ Rxc8 24. axb4 $18) 18. Be2 Qh4+ (18... Kf8
$142 19. Rhd1 Kg8 $14) 19. g3 Qh3 20. e4 Kf8 21. Qe3 Ba6 $6 (21... Kg8 22. Bf1
Qh5 23. h4 $16) 22. Nxb6 $1 $18 Bxe2 (22... cxb6 23. Bxa6 Rxc1 24. Qxc1 $18)
23. Nxc8 Bxf3 24. Qxf3 Rxc8 25. g4 Qh4+ 26. Kg2 h5 27. h3 Nf6 28. Rcf1 Kg8 29.
Qf4 hxg4 30. hxg4 Qxg4+ 31. Qxg4 Nxg4 32. Rc1 f5 33. Rc6 Nf6 34. d5 $1 exd5 35.
exf5 Kf7 36. Rhc1 Ne8 37. Kf3 Rd8 38. Ke3 Rd7 39. R1c5 Ke7 40. Kd4 Nd6 41. Rxd5
Nxf5+ 42. Ke5 Nd6 43. Ra6 Nc4+ 44. Kd4 Nd6 45. Ke5 Nc4+ 46. Ke4 Nd6+ 47. Kf4
1-0

[Event "URS-ch FL55"]
[Site "Lvov"]
[Date "1987.11.26"]
[Round "15"]
[White "Bareev, Evgeny"]
[Black "Yudasin, Leonid"]
[Result "0-1"]
[WhiteElo "2555"]
[BlackElo "2480"]
[Annotator "Dautov,R"]
[PlyCount "80"]
[EventDate "1987.11.??"]
[EventType "tourn"]
[EventRounds "17"]
[EventCountry "URS"]
[EventCategory "10"]
[SourceTitle "EXT 2018"]
[Source "ChessBase"]
[SourceDate "2017.10.13"]
[SourceVersion "1"]
[SourceVersionDate "2017.10.13"]
[SourceQuality "1"]

1. d4 Nf6 2. c4 e6 3. Nf3 b6 4. Nc3 Bb7 5. a3 d5 6. cxd5 exd5 7. g3 Be7 8. Qa4+
c6 9. Bg2 O-O 10. O-O Nbd7 11. Bf4 Nh5 12. Rad1 Nxf4 13. gxf4 a5 $1 14. Qc2 (
14. Ne5 b5 $5 {/\ Nb6-c4<=>} (14... Nxe5 {/\ Qc8})) (14. Qb3) (14. e3 $5) 14...
b5 $1 {/\ 15...b4, 15...Nb6-c4} 15. Kh1 $6 {/\ Rg1} (15. Ne5 Nb6 {/\ f6, Qd6,
b4}) (15. e3 b4 $13) 15... b4 $1 $36 16. axb4 (16. Nb1 bxa3 $1 {/\ Nb6-/+})
16... axb4 17. Na4 Ba6 $1 18. b3 (18. Ra1 $5 b3 $5 (18... Bb5)) 18... Bb5 19.
Nc5 (19. Ne5 Nxe5 20. dxe5 Bxa4 21. bxa4 Qb6 {/\ b3|^ <<}) (19. Bh3 Nf6 {/\ Ne4
}) (19. Rfe1 Bxa4 {/\ Qb6|^ <<}) 19... Nxc5 20. dxc5 Ra3 $5 (20... Ra5 21. Rfe1
$5 {/\ e4<=>}) (20... Qa5 21. Nd4 {/\ Nb5, e4}) (20... Qc7 21. Nd4 $10) (20...
Bf6 $5 21. Nd4 Bxd4 22. Rxd4 Re8 23. Re1 Qh4 $36) 21. Rfe1 (21. Nd4 Qa5 22.
Nxb5 Qxb5 23. e4 $15) 21... Qa5 22. e4 $8 Ra2 23. Qb1 $8 Bxc5 $1 (23... dxe4
24. Qxe4 $5 (24. Rxe4 {/\ Ng5-> >>})) 24. exd5 $8 Bxf2 $1 (24... Rxf2 25. Ng5
g6 26. dxc6 $5 {/\ Ne4}) 25. Re5 $8 (25. Re7 Be2 26. Rc1 Bxf3 27. Bxf3 cxd5 $17
) 25... c5 $5 (25... f6 $1 26. Re7 Bc5 27. Re6 cxd5 $17) 26. Bf1 $1 (26. d6 Be2
27. d7 (27. Rc1 Bxf3 28. Bxf3 Bd4 $19) 27... Bxd1 28. Re8 Bh4 $1 29. Nxh4 Rd2
$19) 26... Bxf1 27. Rxf1 Ra8 $1 28. Qd3 $8 (28. Qe4 Qb5 $19) 28... Qd8 $1 {
/\ Qd7, Qh3} 29. Qb5 $6 (29. d6 Bd4 $1 30. Rd5 (30. Ng5 g6 31. Rd5 Qd7 $19) (
30. Nxd4 cxd4 $1 {/\ Qh4-+}) 30... Qd7 31. f5 Qb7 32. Qc4 (32. Qe4 Re2) 32...
Rc2 $1 33. d7 Rd8 34. Re1 Kf8 $19) (29. Qe4 {/\ f5-/+}) 29... h6 $1 30. Qc6 {
/\ d6} Bd4 $1 31. Rh5 (31. Nxd4 cxd4 {/\ Qh4-+}) 31... R8a6 32. Qb5 g6 $1 33.
Rxh6 Kg7 (33... Qxd5 $4 34. Qe8+) 34. Rh3 Qxd5 $19 35. Qe8 Ra8 36. Qe7 Bf6 37.
Qe3 (37. Rh7+ Kxh7 38. Qxf6 Ra1 $19) 37... Rb2 38. f5 g5 39. Rg1 Rxb3 40. Rxg5+
Kf8 {Judasin} 0-1

[Event "RUS-ch"]
[Site "Elista"]
[Date "1995.??.??"]
[Round "3"]
[White "Solozhenkin, Evgeniy"]
[Black "Tiviakov, Sergei"]
[Result "1-0"]
[WhiteElo "2515"]
[BlackElo "2655"]
[Annotator "Dautov,R"]
[PlyCount "77"]
[EventDate "1995.10.??"]
[EventType "swiss"]
[EventRounds "11"]
[EventCountry "RUS"]
[SourceTitle "CBM 050"]
[Source "ChessBase"]
[SourceDate "1996.02.01"]
[SourceVersion "1"]
[SourceVersionDate "1996.02.01"]
[SourceQuality "1"]

1. d4 Nf6 2. c4 e6 3. Nf3 b6 4. a3 Ba6 5. Qc2 Bb7 6. Nc3 c5 7. e4 cxd4 8. Nxd4
Nc6 9. Nxc6 Bxc6 10. Bd3 Bc5 {N} (10... Qb8 11. Qe2 Bd6 12. Nd5 h5 $6 (12...
Bb7 13. Nxf6+ gxf6 $13) 13. h3 Kf8 14. Nb4 $1 Bb7 15. Nc2 Qc7 16. Nd4 a6 17.
Bd2 h4 18. Nf3 Rc8 19. O-O Nh5 20. Rfe1 Nf4 21. Qf1 $1 {/\ e5 Solozhenkin,
E-Lau,R/Dusseldorf 1990}) 11. Qe2 {/\e5} e5 (11... O-O 12. e5 Ne8 13. O-O $14)
(11... d6 $142) 12. Qf3 Qe7 13. Ne2 $1 $14 {/\b4} Qe6 (13... a5 14. b3 $14 (14.
Bg5 h6 15. Bxf6 Qxf6 16. Qxf6 gxf6 17. Ng3 a4 $10)) 14. b4 Bd6 15. h3 (15. O-O
Qg4 16. Qxg4 Nxg4 17. f3 Nf6 18. Be3 $14) 15... Bb7 (15... a5 16. b5 Bb7 17.
Be3 Bc5 (17... Be7 18. Nc3 {/\Na4}) 18. Bxc5 bxc5 $14) 16. O-O O-O 17. Ng3 a5
18. Bd2 axb4 19. axb4 Rfc8 20. Nf5 Bf8 21. Ne3 Qd6 $6 (21... d6 $14) 22. Nd5
Nxd5 (22... Bxd5 23. cxd5 $14) 23. cxd5 Be7 (23... Rxa1 24. Rxa1 Ra8 25. Rxa8
Bxa8 26. Bb5 $14 {ץa8}) 24. Bb5 Rc2 25. Rxa8+ Bxa8 26. Qd3 Rc8 27. Ba4 $1 $16
{[%csl Rb6,Rd7] ><b6,d7} Bc6 (27... Bb7 28. Qb5 Rc7 29. Be3 Qxb4 30. Bxb6 Rc4
31. Qxd7 $16) 28. Rc1 Bb7 29. Rb1 Ra8 (29... Bc6 30. Qc4 Bb7 31. Qb5 $16) 30.
Qb5 Ra7 31. Be3 Bd8 {/\Ba6-+} 32. Bd1 $1 (32. Qxd7 $2 Qxd7 33. Bxd7 Bxd5 $10)
32... f5 (32... Ba6 33. Qa4 Ra8 34. Bg4 b5 35. Qa3 Bb7 36. Qd3 Ba6 37. Ra1 $16)
33. exf5 Bxd5 34. Rc1 Rc7 $2 (34... Bc6 35. Bb3+ Kh8 36. Qc4 Qf8 37. b5 Bb7 38.
Qd3 d6 39. Bd5 (39. Be6 $16) 39... Bxd5 40. Qxd5 $16) 35. Rxc7 Bxc7 36. Ba4 Bc6
$2 (36... Kf7 37. Qxd7+ Qxd7 38. Bxd7 Ke7 39. Ba4 $16) 37. Bb3+ $18 Kh8 (37...
Kf8 38. Qc4 Ke7 39. Bg5+ $18) 38. Qc4 Qf8 39. b5 1-0

[Event "Yerevan"]
[Site "Yerevan"]
[Date "1996.??.??"]
[Round "10"]
[White "Lputian, Smbat G"]
[Black "Hracek, Zbynek"]
[Result "1-0"]
[WhiteElo "2580"]
[BlackElo "2650"]
[Annotator "Dautov,R"]
[PlyCount "51"]
[EventDate "1996.04.??"]
[EventType "tourn"]
[EventRounds "11"]
[EventCountry "ARM"]
[EventCategory "15"]
[SourceTitle "CBM 053"]
[Source "ChessBase"]
[SourceDate "1996.08.01"]
[SourceVersion "1"]
[SourceVersionDate "1996.08.01"]
[SourceQuality "1"]

1. d4 {Ftacnik Khalifman Dolmatov} Nf6 2. c4 e6 3. Nf3 b6 4. a3 Ba6 5. Qc2 Bb7
(5... c5 {Dolmatov} 6. d5 exd5 7. cxd5 Bb7 8. e4 $40) 6. Nc3 c5 7. e4 cxd4 8.
Nxd4 Nc6 (8... d6 {Dolmatov}) (8... Bc5 {Dolmatov}) 9. Nxc6 Bxc6 10. Be2 (10.
Bf4 {Khalifman} Bc5 11. Be2 O-O 12. Rd1 a5) 10... Qb8 (10... d6 11. Bf4 Be7 12.
Rd1 Qb8 13. O-O O-O 14. Rd2 Qb7 15. Bf3 Rad8 16. Rfd1 $14 Qc7 17. Nd5 Bxd5 18.
cxd5 $16 {De Firmian-Schüssler/Thessaloniki ol 1984}) 11. f4 (11. O-O $6 {
Dolmatov} Qe5 (11... Bc5 $1 $15 {Ftacnik} 12. Kh1 (12. b4 Bd4 13. Bb2 h5 $40)
12... h5 13. Qd3 (13. f4 Ng4 14. b4 (14. Bf3 {/\ e5}) 14... Bd4 15. Bf3 Qd8 16.
Ra2 Nxh2 {0-1 Straeter,T-Bischoff,K/BL 9394/1994/}) 13... Ng4 14. f4 $8 Nf2+
15. Rxf2 Bxf2 $17 16. Bd2 a5 17. Bf3 e5 $4 (17... Bc5 $17) 18. Nd5 $14 {
1-0 Fedorowicz,J-Miles,A/USA-ch/1989/ (40)}) (11... h5 12. h3 Bc5 13. Bd3 Ng4
14. hxg4 hxg4 15. Re1 Qh2+ 16. Kf1 Qh1+ 17. Ke2 Qxg2 18. Rf1 Rh2 19. Nd1 Qf3+
20. Ke1 g3 21. Qe2 gxf2+ 22. Kd2 Qf6 23. Kc2 Ba4+ 24. Kb1 Bxd1 25. Rxd1 Bd4 {
0-1 Puri,V-Agdestein,S/WchJ Baguio/1987/ (34)}) (11... Be7 12. b4 O-O 13. f4 d6
14. Be3 Qb7 15. Bf3 b5 16. cxb5 Bxb5 17. Nxb5 Qxb5 18. Qf2 a6 19. f5 Rac8 20.
Qg3 exf5 21. Bh6 Ne8 22. exf5 Qe5 23. Bf4 Qf6 24. Bb7 {1-0 Linn,G-Milligan
Scott,H/Dubai olw (11)/1986/ (42)}) 12. Bf3 g5 13. g3 h5 $13 {Farago,
I-Greenfeld,A/Beer-Sheva/1987/} (13... h5 $6 14. Bd2 Bc5 (14... h4 15. Nd5 Bxd5
16. Bc3) 15. Nd5 O-O-O 16. Bc3 Bd4 17. Bxd4 Qxd4 18. Bg2 $1 (18. Ne7+ Kb7 19.
Nxc6 dxc6 20. e5 Ng4) 18... g4 $8 19. Rfd1 Qe5 20. Nxf6 Qxf6 21. c5 $1 $16 {
0-1 Farago,I-Greenfeld,A/Beer-Sheva/1987 (33)})) (11. Be3 {Ftacnik} Bc5 (11...
Bd6 12. Bd4 (12. O-O-O Be5 13. Bf3 $5) 12... Be5 13. Rd1 O-O 14. h3 Bxd4 15.
Rxd4 Qe5 16. Qd3 Qf4 17. Bf3 Qc1+ 18. Nd1 e5 19. Qd2 Qb1 20. Qd3 Qxd3 21. Rxd3
Nxe4 22. Re3 Nd6 23. Bxc6 dxc6 24. c5 Nc4 25. Rc3 b5 {0-1 Stajcic,N-Wells,P/
Budapest FS04 GM (07) ;EXP 46 1995 (37)}) 12. Bxc5 bxc5 13. O-O Qe5 14. f3 Rb8
15. Rad1 Nh5 16. Rf2 Nf4 17. Bf1 g5 18. g3 Ng6 19. Nb5 a6 20. Nd6+ Kf8 21. Bg2
Rg8 22. Rd3 Qf6 {1/2-1/2 Christiansen,L-Miles,A/Linares/1985/ (29)}) 11... Bc5
12. e5 $3 $146 (12. Qd3 e5 $1 (12... O-O 13. b4 Be7 14. e5 Ne8 15. O-O d6 16.
Qg3 $14) (12... a5 13. Be3 $14) 13. Rf1 (13. f5 Bd4 14. Nd5 Bxd5 15. cxd5 Qc7
16. Rb1 Rc8 $15 {Szabolcsi,J-Almasi,Z/HUN-chSuper (04) ;EXP 51 1995}) (13. Qg3
$5 O-O 14. fxe5 Nxe4 15. Nxe4 Bxe4 16. Bh6 Bg6 17. Bf4 f6 $1 18. exf6 Qe8 19.
fxg7 Rf7 $44 {/\Qe4}) 13... Bd4 14. Bf3 Bxc3+ 15. Qxc3 Nxe4 16. Qxe5+ Qxe5 17.
fxe5 Nc5 $1 18. b4 Nd3+ 19. Kd2 Nxe5 20. Re1 f6 21. Bb2 $10 {Dreev,A-Tiviakov,
S/Linares (05) ;CBM 46 1995} (21. Bb2 {Ftacnik} O-O 22. Bxe5 fxe5 23. Bxc6 dxc6
24. Rxe5 Rf2+ 25. Re2 {1/2-1/2 Dreev,A-Tiviakov,S/Linares (05)/1995/ (33)})) (
12. Bd2 {Ftacnik} Bd4 13. Bf3 O-O {/\Bxc3} 14. Ne2 Bc5 15. b4 Be7 $132) (12.
Bf3 {Ftacnik} O-O) 12... Bxg2 (12... Ng8 13. Ne4 $16 (13. Ne4 {Ftacnik} Be7))
13. exf6 Bxh1 (13... gxf6 14. Rf1 Bxf1 (14... Qb7 {Ftacnik} 15. b4 $16) 15.
Bxf1 Qd8 16. Ne4 (16. Bd2 f5 17. O-O-O Rg8 $14) 16... f5 17. Nxc5 bxc5 18. Be3
$16) 14. fxg7 Rg8 15. Qxh7 Ke7 16. Bd2 $40 Qb7 (16... Bd4 17. Nb5 (17. O-O-O {
Dolmatov} Rxg7 (17... Bxc3 {Dolmatov} 18. Bxc3 Qxf4+ 19. Bd2 Qe4 20. Bb4+ $18)
(17... Qb7 $2 18. Nb5 $1 {/\ 19.Bb4+} Bc5 19. Qh4+ $16) 18. Qd3 $16 (18. Qd3
Bxc3 (18... Bg1 $5) (18... Bg1 $1 $17) 19. Bxc3 $1 Qxf4+ 20. Bd2 $18)) 17...
Rxg7 18. Bb4+ d6 19. Qh4+ Bf6 20. Qf2 $16 Qh8 (20... Kd7 {Ftacnik} 21. Bxd6 Qh8
22. Be5 (22. O-O-O Rg2 23. Qe3 $40) 22... Bxe5 23. fxe5 Bc6 $13) 21. Bxd6+ Ke8
22. Nc7+ Kd8 23. O-O-O $18) (16... Bc6 17. O-O-O Bd4 (17... a5 $5) 18. Ne4 Bxe4
(18... a5 {Khalifman} 19. Qh4+ f6 20. Qh7) 19. Qxe4 Bc5 (19... Bxg7 20. Bb4+
Ke8 21. Bd6 (21. Bf3 $18) 21... Qc8 22. Qh7 $18) 20. Bc3 f6 21. Qg6 Qxf4+ 22.
Kb1 e5 23. Bh5 $16) 17. O-O-O Rac8 (17... Bf3 18. f5 (18. Re1 $1 {Khalifman}
Bxe2 19. Rxe2 {/\ 20.Nd5+}) 18... Bxe2 (18... Rae8 19. f6+ Kd8 20. Bxf3 Qxf3
21. Ne4 $18) (18... f6 19. Re1 $40) 19. f6+ Kxf6 20. Qh4+ Kxg7 21. Qh6#) (17...
Qg2 $2 {Dolmatov} 18. Qh4+ f6 19. Qe1 Qxh2 20. Qxh1 Qxh1 21. Rxh1 Rxg7 22. Ne4
$16) (17... Bd4 {Ftacnik} 18. Nb5 $1 Rxg7 19. Bb4+ d6 20. Qh4+ $18) 18. f5 $1 (
18. Qh4+ {Ftacnik} f6 19. b4 Bd6 20. Nb5 Qe4 $13) 18... f6 (18... e5 $2 {
Ftacnik} 19. Bg5+ f6 20. Bxf6+ Kxf6 21. Qg6+ Ke7 22. Qg5+ Kf7 23. Bh5#) (18...
Qg2 {Ftacnik} 19. f6+ $1 Kxf6 (19... Kd6 20. Nb5+ Kc6 21. Nxa7+ $18) 20. Qh4+
Kg6 21. Qh6+ Kf5 22. Bd3+ Kg4 23. Qg5+ Kh3 24. Qh5#) 19. Qg6 {/\h4-h5-h6 /
\h2-h4-h5 /\ 20.Bh5} Qg2 (19... Be4 {Dolmatov} 20. Bh5 Bxf5 21. Qf7+ $18) (
19... Bc6 {Ftacnik} 20. Bg5 $1 fxg5 21. Qxg5+ Kf7 22. Bh5#) 20. Bg4 Bd4 (20...
Qxh2 21. Bg5 $1 fxg5 (21... Qe5 22. Bxf6+ Qxf6 23. Rxd7+ Kxd7 24. Qxf6 $18) 22.
Qxg5+ Ke8 23. Bh5+ $18) 21. fxe6 dxe6 22. Re1 $18 e5 (22... Rc6 {Khalifman} 23.
Qh7 Qxg4 (23... Bxc3 {Ftacnik} 24. Bxc3 Qxg4 25. Qxg8 Qf4+ 26. Kb1 $18) 24.
Qxg8 $18) (22... Rxc4 23. Rxe6+ Kd8 24. Qf7 $18) 23. Qf5 Qc6 (23... Rxg7 {
Ftacnik} 24. Qd7+ Kf8 25. Qxc8+ $18) 24. Nb5 $1 {/\Nxd4,/\Bb4} Qxc4+ (24...
Rcd8 {Khalifman} 25. Rxe5+ $3 Bxe5 26. Bb4+ $18) (24... Qxb5 {Ftacnik} 25. Qe6+
Kd8 26. Qd6+ Ke8 27. Bh5#) 25. Kb1 Rcd8 (25... Be4+ {Ftacnik} 26. Qxe4 Qxb5 27.
Bb4+ Bc5 28. Qb7+ $18) (25... Rxg7 26. Bb4+ Kd8 27. Qxf6+ $18) 26. Bb4+ (26.
Bb4+ Bc5 27. Rxe5+ fxe5 28. Qxe5+ Kf7 29. Bh5#) 1-0

[Event "Politiken Cup 18th"]
[Site "Copenhagen"]
[Date "1996.??.??"]
[Round "7"]
[White "Krasenkow, Michal"]
[Black "Tukmakov, Vladimir B"]
[Result "1/2-1/2"]
[WhiteElo "2610"]
[BlackElo "2595"]
[Annotator "Dautov,R"]
[PlyCount "105"]
[EventDate "1996.06.??"]
[EventType "swiss"]
[EventRounds "11"]
[EventCountry "DEN"]
[SourceTitle "CBM 054"]
[Source "ChessBase"]
[SourceDate "1996.10.01"]
[SourceVersion "1"]
[SourceVersionDate "1996.10.01"]
[SourceQuality "1"]

1. d4 Nf6 2. c4 e6 3. Nf3 b6 4. a3 Ba6 5. Qc2 Bb7 6. Nc3 c5 7. e4 cxd4 8. Nxd4
Bc5 9. Nb3 Nc6 10. Bf4 e5 11. Bg5 h6 12. Bh4 Be7 13. Rd1 (13. O-O-O $5 O-O 14.
f3 Rc8 (14... a5 $5) 15. Bf2 Ba6 16. Kb1 Nb8 17. Bg3 Nc6 18. Qd2 d6 19. Nb5 $16
{Notkin-Kiselev/Cappelle la Grande 1995}) 13... O-O 14. f3 Ne8 $6 {N} (14...
Nh5 15. Bf2 Nf4 16. Qd2 $6 d6 17. g3 Ne6 18. Bh3 a5 $1 19. a4 Nc5 $15 {
Agdestein,S-Polugaevsky,L/Reykjavik 1987}) (14... d6 15. Be2 Nh5 16. Bf2 Nf4
17. O-O Rc8 18. Rfe1 Qc7 19. Bf1 Rfe8 20. Be3 Ne6 21. Qf2 Qb8 22. Rd2 Rcd8 23.
Red1 Bf8 24. Kh1 Kh8 25. Nb5 $16 {Khenkin-Engqvist /Osterskars op 1995}) 15.
Bf2 Nc7 {/\Ne6,Bc5,><d4} 16. c5 $1 bxc5 (16... Ne6 $6 17. cxb6 axb6 18. Bc4 $16
(18. Nd5 $16)) 17. Nxc5 Bxc5 18. Bxc5 Re8 19. Bc4 Ne6 20. Bxe6 Rxe6 (20... fxe6
$2 21. O-O $16 {><d7,d6}) 21. O-O $14 (21. Qd2 Qa5 $132) 21... d6 22. Be3 Na5 (
22... Ne7 23. Rf2 Qa5 24. Rfd2 Rd8 25. Qa4 Qxa4 26. Nxa4 $16 {><a7,d6}) 23. Nd5
Ba6 (23... Rc8 24. Qf2 $16) 24. Rfe1 Bc4 25. Qf2 Qd7 26. b4 Nc6 27. Qc2 $1 (27.
Rc1 Bb5 28. Rc3 Ba4 (28... Rb8 29. Qc2 $16) 29. Rec1 Rf8 $14) 27... Bb5 28. a4
(28. Nc3 Rb8 (28... Bc4 $2 29. Na4 $16) (28... a6 $2 29. a4 Bc4 30. Nd5 Bxd5
31. exd5 $18) (28... Qb7 29. Nxb5 Qxb5 30. Rd5 Qb7 31. Red1 $16) 29. Nxb5 Rxb5
$14) 28... Nxb4 29. Qb1 $1 Bxa4 30. Qxb4 Bxd1 31. Rxd1 Kh7 (31... a5 32. Qc3 {
/\Nb6}) 32. Ra1 a6 (32... Qc6 33. Qa5 Rb8 34. Qxa7 Rb7 35. Qa2 $16) 33. Qe1 $2
(33. Nb6 $1 Qb7 $8 34. Qa5 Rb8 35. Qxa6 Qxa6 36. Rxa6 $16) 33... Rb8 $1 34.
Rxa6 Rb2 $132 35. h4 $4 (35. Qc1 $2 Qb5 36. Rb6 Rxg2+ $1 37. Kxg2 Qe2+ 38. Bf2
Rg6+ $19) (35. Rb6 Rxb6 (35... Ra2 36. Qb1 $16) (35... Rc2 36. Qb1 Qa4 37. Rb7
$1 Rg6 38. g3 $16 {/\Ra7}) 36. Bxb6 Qc6 $16) 35... Rg6 36. Bf2 Qh3 $19 37. Ne3
Qxf3 38. Rxd6 Qxe4 $2 (38... Re2 $1 39. Qf1 Rxf2 40. Qxf2 Qxf2+ 41. Kxf2 Rxd6
$19) 39. Rxg6 Rb1 (39... Qxg6 40. Qc3 $15) 40. Rg3 Rxe1+ 41. Bxe1 f5 42. Bf2 f4
43. Rh3 fxe3 44. Rxe3 Qf4 45. Rh3 $1 $15 {/\h5} e4 46. Be3 Qg4 47. h5 $10 Kg8
48. Kh2 Kf7 49. Kh1 Qd1+ 50. Kh2 Kf6 51. Bg1 Kf5 52. Be3 Ke5 53. Bg1 1/2-1/2